[Event "3. Campeonato de la Unión Europea"]
[Site "Arvier ITA"]
[Date "2007.06.17"]
[Round "3.5"]
[White "Caruana, Fabiano"]
[Black "Cocchi, Andrea"]
[Result "1/2-1/2"]
[WhiteElo "2513"]
[BlackElo "2321"]
[PlyCount "133"]
[EventDate "2007.06.15"]
[EventType "swiss"]
[EventRounds "10"]
[EventCountry "ITA"]
[Source "lmi"]
[SourceDate "2007.06.15"]

1. e4 e5 2. Nf3 Nc6 3. Bb5 Nf6 4. d3 d6 5. O-O Bd7 6. c3 g6 7. Re1 Bg7 8. Nbd2
O-O 9. Ba4 Nh5 10. Nf1 Kh8 11. h3 a6 12. Bc2 Nf4 13. Bxf4 exf4 14. d4 f5 15.
exf5 Bxf5 16. Bxf5 Rxf5 17. N1d2 Qg8 18. Ne4 Re8 19. Qd2 Rff8 20. a3 Qd5 21.
Qc2 Qf5 22. Rac1 Re7 23. Ned2 Rxe1+ 24. Nxe1 Qxc2 25. Rxc2 Re8 26. Ndf3 Bf6 27.
Kf1 Kg7 28. Re2 Rc8 29. Nd3 g5 30. Nd2 Ne7 31. Ne4 b6 32. Nd2 Kf7 33. Nc4 Nd5
34. Nb4 Nxb4 35. axb4 Re8 36. Rxe8 Kxe8 37. Ke2 d5 38. Nd2 Kd7 39. Kf3 h5 40.
g3 fxg3 41. fxg3 Kc6 42. g4 h4 43. Ke3 Kd7 44. Kd3 Ke6 45. Nf1 Be7 46. Ne3 c6
47. Nc2 Bd6 48. Ne1 Be7 49. Nf3 Bf6 50. Kc2 Kd6 51. Ne1 Ke6 52. Nd3 Kd6 53. b3
Ke6 54. Nb2 Kd7 55. Kd3 Be7 56. Nd1 Ke6 57. Ne3 Bd6 58. Nc2 Be7 59. Ne1 Bf6 60.
Nf3 Kd6 61. Ke2 Ke6 62. Ke3 Kd6 63. Kd3 Ke6 64. Ng1 Be7 65. Nf3 Bf6 66. c4 Kd7
67. Ne1 1/2-1/2

[Event "3. Campeonato de la Unión Europea"]
[Site "Arvier ITA"]
[Date "2007.06.17"]
[Round "3.6"]
[White "Calzetta, Monica"]
[Black "Cebalo, Miso"]
[Result "1/2-1/2"]
[WhiteElo "2340"]
[BlackElo "2491"]
[PlyCount "216"]
[EventDate "2007.06.15"]
[EventType "swiss"]
[EventRounds "10"]
[EventCountry "ITA"]
[Source "lmi"]
[SourceDate "2007.06.15"]

1. e4 c5 2. Nf3 Nc6 3. d4 cxd4 4. Nxd4 g6 5. Nc3 Bg7 6. Be3 Nf6 7. Nxc6 bxc6 8.
e5 Nd5 9. Nxd5 cxd5 10. Qxd5 Rb8 11. Bc4 O-O 12. O-O Bb7 13. Qd4 Qc7 14. f4 d6
15. Bb3 dxe5 16. Qc5 Rbc8 17. Qxc7 Rxc7 18. fxe5 Bxe5 19. c3 Ba6 20. Rfd1 Rb8
21. Rd5 Bd6 22. Ra5 Bc4 23. Rxa7 Bxb3 24. Rxc7 Bxc7 25. axb3 Rxb3 26. Ra2 f5
27. h3 Kf7 28. Kf1 Bd6 29. Ke2 f4 30. Bc1 Rb5 31. b4 Rg5 32. Kd3 Rg3+ 33. Kc4
Ke6 34. b5 f3 35. gxf3 Rxh3 36. f4 h5 37. Rg2 Rh1 38. Be3 Kf5 39. Rg5+ Ke4 40.
Bd4 Bxf4 41. Rxg6 h4 42. Re6+ Kf3 43. b6 Rb1 44. Be5 Bxe5 45. Rxe5 Rxb6 46.
Rxe7 Rh6 47. Re1 h3 48. Kd5 Rh5+ 49. Kd6 h2 50. c4 h1=Q 51. Rxh1 Rxh1 52. c5
Ke4 53. c6 Rh6+ 54. Kd7 Kd5 55. c7 Rh7+ 56. Kd8 Kd6 57. c8=N+ Ke6 58. Nb6 Rb7
59. Nc8 Rd7+ 60. Ke8 Rd4 61. Nb6 Rh4 62. Kd8 Rh7 63. Nc4 Kd5 64. Ne3+ Ke4 65.
Nc4 Kd5 66. Ne3+ Ke6 67. Nc4 Rb7 68. Kc8 Rb5 69. Ne3 Rb3 70. Nd1 Ke5 71. Kc7
Kf4 72. Kc6 Rb1 73. Nf2 Rb3 74. Kc5 Kf3 75. Kc4 Ra3 76. Nd3 Ke2 77. Nc5 Ra8 78.
Kd5 Rd8+ 79. Ke5 Re8+ 80. Kd5 Kf3 81. Ne6 Ke3 82. Nc5 Rh8 83. Ne6 Rh5+ 84. Kd6
Ke4 85. Nc5+ Kd4 86. Ne6+ Kc4 87. Kc6 Rd5 88. Nc7 Ra5 89. Kd6 Rh5 90. Ne6 Rd5+
91. Kc6 Rd1 92. Nc5 Rd8 93. Ne6 Rd5 94. Nc7 Rh5 95. Ne6 Re5 96. Kd6 Rd5+ 97.
Kc6 Re5 98. Kd6 Re1 99. Nc7 Rd1+ 100. Kc6 Kd4 101. Ne6+ Ke5 102. Nc5 Rc1 103.
Kb5 Kd5 104. Nb3 Rc4 105. Na5 Rc8 106. Kb6 Rc1 107. Kb7 Rb1+ 108. Kc7 Rb2
1/2-1/2

[Event "3. Campeonato de la Unión Europea"]
[Site "Arvier ITA"]
[Date "2007.06.17"]
[Round "3.7"]
[White "Likavsky, Tomas"]
[Black "Vezzosi, Paolo"]
[Result "1-0"]
[WhiteElo "2485"]
[BlackElo "2287"]
[PlyCount "79"]
[EventDate "2007.06.15"]
[EventType "swiss"]
[EventRounds "10"]
[EventCountry "ITA"]
[Source "lmi"]
[SourceDate "2007.06.15"]

1. d4 Nf6 2. c4 e6 3. Nc3 Bb4 4. Qc2 d5 5. a3 Bxc3+ 6. Qxc3 Ne4 7. Qc2 c5 8.
dxc5 Nc6 9. cxd5 exd5 10. Nf3 Bf5 11. b4 O-O 12. Bb2 Ng3 13. Qc3 d4 14. Nxd4
Nxd4 15. fxg3 Nc2+ 16. Kf2 Qg5 17. h4 Qh6 18. g4 Qf4+ 19. Qf3 Qxf3+ 20. gxf3
Nxa1 21. gxf5 Nb3 22. Rg1 f6 23. e4 Rad8 24. Bc4+ Kh8 25. Ke3 Nd2 26. Be6 b5
27. cxb6 axb6 28. Rc1 b5 29. a4 bxa4 30. b5 Nb3 31. Bxb3 axb3 32. Rc3 Rf7 33.
Rxb3 g6 34. fxg6 hxg6 35. b6 Kg8 36. f4 Rdd7 37. e5 fxe5 38. fxe5 Rb7 39. Ke4
Rfd7 40. Bd4 1-0

[Event "3. Campeonato de la Unión Europea"]
[Site "Arvier ITA"]
[Date "2007.06.17"]
[Round "3.8"]
[White "Castaldo, Folco"]
[Black "Okhotnik, Vladimir"]
[Result "1/2-1/2"]
[WhiteElo "2330"]
[BlackElo "2484"]
[PlyCount "129"]
[EventDate "2007.06.15"]
[EventType "swiss"]
[EventRounds "10"]
[EventCountry "ITA"]
[Source "lmi"]
[SourceDate "2007.06.15"]

1. d4 c5 2. d5 f5 3. g3 g6 4. Bg2 Bg7 5. Nh3 Nf6 6. Nc3 O-O 7. Nf4 Na6 8. e4 e5
9. dxe6 dxe6 10. Qe2 g5 11. e5 gxf4 12. exf6 Qxf6 13. Bxf4 e5 14. Nd5 Qe6 15.
Bd2 Qf7 16. c4 Be6 17. Bc3 Nb4 18. Bxb4 cxb4 19. O-O b5 20. Rad1 Rad8 21. Rfe1
a5 22. b3 bxc4 23. bxc4 Kh8 24. Qc2 e4 25. f3 Bxd5 26. cxd5 Bc3 27. Re2 Rxd5
28. Rxd5 Qxd5 29. fxe4 Qd4+ 30. Kh1 Rd8 31. Bf3 Qd1+ 32. Qxd1 Rxd1+ 33. Kg2 a4
34. exf5 Rd8 35. Bc6 b3 36. Bxa4 b2 37. Bc2 Rd1 38. g4 Bf6 39. Kg3 Rc1 40. Be4
Kg7 41. g5 Rg1+ 42. Rg2 Be5+ 43. Kf3 b1=Q 44. Bxb1 Rxb1 45. Rd2 Rb7 46. Kg4 Ra7
47. Kh5 Bf4 48. Rb2 Be3 49. h4 Bd4 50. Rb4 Bc5 51. Rc4 Ba3 52. Kg4 Kg8 53. Kh5
Kg7 54. Kg4 Kf7 55. Kh5 Kg7 56. Kg4 Ra5 57. Rc7+ Kg8 58. Rc4 Rd5 59. f6 Ra5 60.
h5 Ra6 61. Kf5 Ra5+ 62. Ke6 Ra6+ 63. Kf5 Ra5+ 64. Ke6 Ra6+ 65. Kf5 1/2-1/2

[Event "3. Campeonato de la Unión Europea"]
[Site "Arvier ITA"]
[Date "2007.06.17"]
[Round "3.9"]
[White "D'Amore, Carlo"]
[Black "Daulyte, Deimante"]
[Result "1-0"]
[WhiteElo "2476"]
[BlackElo "2224"]
[PlyCount "47"]
[EventDate "2007.06.15"]
[EventType "swiss"]
[EventRounds "10"]
[EventCountry "ITA"]
[Source "lmi"]
[SourceDate "2007.06.15"]

1. e4 e5 2. Nf3 Nc6 3. Bc4 Nf6 4. d3 h6 5. c3 d6 6. Bb3 g6 7. Nbd2 Bg7 8. Nf1
O-O 9. Ne3 Qe7 10. h4 Bd7 11. h5 Nxh5 12. Nh4 Be6 13. Bxe6 Qxe6 14. Nhf5 Ne7
15. Rxh5 gxh5 16. Qxh5 Kh7 17. Nxe7 Qxe7 18. Nd5 Qd8 19. Ke2 Qc8 20. Bg5 f5 21.
Rh1 fxe4 22. Bxh6 exd3+ 23. Ke1 Qf5 24. Bg5+ 1-0

[Event "3. Campeonato de la Unión Europea"]
[Site "Arvier ITA"]
[Date "2007.06.17"]
[Round "3.10"]
[White "Brunello, Sabino"]
[Black "Pepino, Enrico"]
[Result "1-0"]
[WhiteElo "2454"]
[BlackElo "2153"]
[PlyCount "71"]
[EventDate "2007.06.15"]
[EventType "swiss"]
[EventRounds "10"]
[EventCountry "ITA"]
[Source "lmi"]
[SourceDate "2007.06.15"]

1. e4 c5 2. Nf3 d6 3. d4 cxd4 4. Nxd4 Nf6 5. Nc3 g6 6. Be3 Bg7 7. f3 O-O 8. Qd2
Nc6 9. Bc4 Bd7 10. O-O-O b5 11. Nxc6 Bxc6 12. Bxb5 Bxb5 13. Nxb5 Qb8 14. Nc3
Rc8 15. Bd4 Qb7 16. Kb1 Rc4 17. Ne2 Rac8 18. Rc1 e5 19. Bf2 d5 20. exd5 Nxd5
21. c3 e4 22. Bd4 exf3 23. gxf3 Bxd4 24. cxd4 Nb4 25. Rxc4 Rxc4 26. Rc1 Rxc1+
27. Nxc1 a5 28. a3 Nd5 29. Qxa5 Qd7 30. Qd2 Qh3 31. Qe2 Nf6 32. Ka2 Qc8 33. Nb3
h5 34. Nc5 Qc6 35. a4 Qd5+ 36. Nb3 1-0

[Event "3. Campeonato de la Unión Europea"]
[Site "Arvier ITA"]
[Date "2007.06.17"]
[Round "3.11"]
[White "Friedrich, Norbert"]
[Black "Vocaturo, Daniele"]
[Result "1/2-1/2"]
[WhiteElo "2317"]
[BlackElo "2450"]
[PlyCount "69"]
[EventDate "2007.06.15"]
[EventType "swiss"]
[EventRounds "10"]
[EventCountry "ITA"]
[Source "lmi"]
[SourceDate "2007.06.15"]

1. e4 c5 2. c3 d5 3. exd5 Qxd5 4. d4 Nf6 5. Nf3 Bg4 6. Be2 e6 7. O-O Nc6 8. h3
Bh5 9. Be3 cxd4 10. Nxd4 Bxe2 11. Qxe2 Nxd4 12. Bxd4 Be7 13. Rd1 Qf5 14. Nd2
O-O 15. Bxf6 Bxf6 16. Ne4 Be5 17. Nd6 Bxd6 18. Rxd6 Rad8 19. Rxd8 Rxd8 20. Rd1
Rxd1+ 21. Qxd1 h6 22. a4 a5 23. b4 Qe5 24. Qd8+ Kh7 25. Qxa5 Qxc3 26. Qb6 h5
27. h4 Qe1+ 28. Kh2 Qe4 29. g3 f5 30. a5 f4 31. b5 fxg3+ 32. fxg3 Qe2+ 33. Kg1
Qe1+ 34. Kh2 Qe2+ 35. Kg1 1/2-1/2

[Event "3. Campeonato de la Unión Europea"]
[Site "Arvier ITA"]
[Date "2007.06.17"]
[Round "3.12"]
[White "Borgo, Giulio"]
[Black "Sorcinelli, Francesco"]
[Result "1-0"]
[WhiteElo "2418"]
[BlackElo "2131"]
[PlyCount "73"]
[EventDate "2007.06.15"]
[EventType "swiss"]
[EventRounds "10"]
[EventCountry "ITA"]
[Source "lmi"]
[SourceDate "2007.06.15"]

1. Nf3 d6 2. e4 c5 3. d4 cxd4 4. Nxd4 Nf6 5. f3 e5 6. Nb3 a6 7. c4 Be7 8. Be3
O-O 9. Nc3 Be6 10. Qd2 b5 11. Nd5 bxc4 12. Bxc4 Bxd5 13. Bxd5 Nxd5 14. Qxd5 Nd7
15. Rd1 a5 16. O-O a4 17. Nc1 Ra5 18. Qd2 Rb5 19. Ne2 Nb6 20. Nc3 Nc4 21. Qe2
Nxe3 22. Qxb5 a3 23. b4 Nxf1 24. Rxf1 Bg5 25. Nd5 Qc8 26. Qd3 Kh8 27. g3 Qh3
28. b5 Qc8 29. Kg2 Qb7 30. h4 Bh6 31. Rf2 Rc8 32. Rc2 g5 33. Rxc8+ Qxc8 34. Qc3
Qb7 35. Qc6 Qb8 36. Ne7 Kg7 37. Nf5+ 1-0

[Event "3. Campeonato de la Unión Europea"]
[Site "Arvier ITA"]
[Date "2007.06.17"]
[Round "3.13"]
[White "Luther, Thomas"]
[Black "Astengo, Corrado"]
[Result "1-0"]
[WhiteElo "2586"]
[BlackElo "2110"]
[PlyCount "53"]
[EventDate "2007.06.15"]
[EventType "swiss"]
[EventRounds "10"]
[EventCountry "ITA"]
[Source "lmi"]
[SourceDate "2007.06.15"]

1. e4 e6 2. d4 d5 3. Nc3 dxe4 4. Nxe4 Nd7 5. Nf3 Ngf6 6. Bg5 Be7 7. Nxf6+ Nxf6
8. Bd3 h6 9. Be3 Nd5 10. Qe2 c5 11. O-O-O O-O 12. dxc5 Qa5 13. Kb1 Bxc5 14. Bd2
Qb6 15. Ne5 Bd4 16. Nc4 Qc5 17. Na5 Qb6 18. Nb3 Bxf2 19. Rhf1 Bc5 20. Nxc5 Qxc5
21. g4 Bd7 22. Qe4 f5 23. gxf5 exf5 24. Qh4 Qe7 25. Qxe7 Nxe7 26. Bb4 Nc6 27.
Bc4+ 1-0

[Event "3. Campeonato de la Unión Europea"]
[Site "Arvier ITA"]
[Date "2007.06.17"]
[Round "3.14"]
[White "Sulava, Nenad"]
[Black "Brancaleoni, Maurizio"]
[Result "1-0"]
[WhiteElo "2549"]
[BlackElo "2263"]
[PlyCount "59"]
[EventDate "2007.06.15"]
[EventType "swiss"]
[EventRounds "10"]
[EventCountry "ITA"]
[Source "lmi"]
[SourceDate "2007.06.15"]

1. c4 e5 2. Nc3 Bb4 3. Nd5 Bd6 4. d4 Nc6 5. Nf3 Nge7 6. Nxe7 Bb4+ 7. Bd2 Qxe7
8. d5 e4 9. a3 exf3 10. axb4 Ne5 11. e3 fxg2 12. Bxg2 Nxc4 13. Bc3 d6 14. Qd4
Ne5 15. O-O-O Bd7 16. f4 Ng4 17. e4 f6 18. Bf3 b6 19. Rhg1 Nh6 20. e5 Nf5 21.
Qd3 fxe5 22. fxe5 O-O 23. e6 Be8 24. h4 Qxh4 25. Rg4 Qe7 26. Rdg1 Bg6 27. Be4
Rf6 28. Bxf5 Rxf5 29. Qxf5 Rf8 30. Rxg6 1-0

[Event "3. Campeonato de la Unión Europea"]
[Site "Arvier ITA"]
[Date "2007.06.17"]
[Round "3.15"]
[White "Beggi, Pierluigi"]
[Black "Baburin, Alexander"]
[Result "0-1"]
[WhiteElo "2141"]
[BlackElo "2545"]
[PlyCount "62"]
[EventDate "2007.06.15"]
[EventType "swiss"]
[EventRounds "10"]
[EventCountry "ITA"]
[Source "lmi"]
[SourceDate "2007.06.15"]

1. c4 e6 2. g3 d5 3. Bg2 dxc4 4. Qa4+ Nd7 5. Nf3 a6 6. Qxc4 b5 7. Qc2 Bb7 8.
O-O Ngf6 9. d3 c5 10. a4 Be7 11. axb5 axb5 12. Rxa8 Bxa8 13. Na3 Qb6 14. Qb3
Bc6 15. e4 O-O 16. Be3 Qb7 17. h3 h6 18. Rc1 Rd8 19. Qc2 Bf8 20. Nb1 e5 21.
Nbd2 Rc8 22. Qc3 c4 23. Ne1 Qb8 24. dxc4 bxc4 25. f3 Bb4 26. Qc2 Bb5 27. Nb1
Nc5 28. Nc3 Ba6 29. Ra1 Qd6 30. Bf1 Nb3 31. Kg2 Nxa1 0-1

[Event "3. Campeonato de la Unión Europea"]
[Site "Arvier ITA"]
[Date "2007.06.17"]
[Round "3.16"]
[White "Borosova, Zuzana"]
[Black "Sulskis, Sarunas"]
[Result "0-1"]
[WhiteElo "2206"]
[BlackElo "2533"]
[PlyCount "106"]
[EventDate "2007.06.15"]
[EventType "swiss"]
[EventRounds "10"]
[EventCountry "ITA"]
[Source "lmi"]
[SourceDate "2007.06.15"]

1. e4 c6 2. d4 d5 3. e5 Bf5 4. c3 e6 5. Be3 Qb6 6. Qb3 Nd7 7. Nd2 Nh6 8. Bxh6
gxh6 9. h4 f6 10. exf6 e5 11. dxe5 Nxe5 12. Ngf3 Bd6 13. Nd4 Bd7 14. O-O-O
O-O-O 15. Qc2 Rdf8 16. f3 Rxf6 17. g4 Kb8 18. Bh3 c5 19. Nf5 c4 20. Nxd6 Nd3+
21. Kb1 Rxd6 22. Rh2 Rc8 23. Bf1 Ba4 24. b3 cxb3 25. Nxb3 Nc5 26. Qb2 Bxb3 27.
axb3 Nxb3 28. Rc2 Qc5 29. c4 d4 30. Rd3 Na5 31. Kc1 Rb6 32. Qa2 Qb4 33. Kd1
Nxc4 34. Ke2 Re8+ 35. Kf2 Qe1+ 36. Kg2 Ne3+ 37. Rxe3 Rxe3 38. Qd5 a6 39. Qd8+
Ka7 40. Qxd4 Rxf3 41. Kxf3 Qxf1+ 42. Kg3 Qf6 43. Qxf6 Rxf6 44. Rc7 a5 45. Rxh7
a4 46. g5 Ra6 47. Rf7 a3 48. Rf1 hxg5 49. hxg5 b5 50. Kf3 b4 51. Ke3 a2 52. Ra1
b3 53. g6 b2 0-1

[Event "3. Campeonato de la Unión Europea"]
[Site "Arvier ITA"]
[Date "2007.06.17"]
[Round "3.17"]
[White "Tate, Alan"]
[Black "Llaneza Vega, Marcos"]
[Result "1-0"]
[WhiteElo "2058"]
[BlackElo "2455"]
[PlyCount "71"]
[EventDate "2007.06.15"]
[EventType "swiss"]
[EventRounds "10"]
[EventCountry "ITA"]
[Source "lmi"]
[SourceDate "2007.06.15"]

1. e4 c5 2. Nc3 Nc6 3. Nf3 e5 4. Bc4 Be7 5. d3 Nf6 6. Nd2 O-O 7. Nf1 d6 8. Ne3
Nd7 9. h4 Na5 10. Qf3 Nb6 11. Bd5 Nc6 12. g4 Be6 13. Qg3 Rb8 14. Bd2 Nd4 15. g5
Nxd5 16. exd5 Bf5 17. Ne4 Bxe4 18. dxe4 f5 19. exf5 Nxf5 20. Nxf5 Rxf5 21.
O-O-O Qf8 22. f4 exf4 23. Qf3 Qf7 24. Rhe1 Bf8 25. Re6 Re8 26. Rde1 Re7 27.
R1e4 Re5 28. Rxf4 Qe8 29. Bc3 R5xe6 30. dxe6 g6 31. Qd5 Qc6 32. Qc4 d5 33. Qf1
Re8 34. Rf6 Qc7 35. Rf7 Qg3 36. Rxh7 1-0

[Event "3. Campeonato de la Unión Europea"]
[Site "Arvier ITA"]
[Date "2007.06.17"]
[Round "3.18"]
[White "Bruno, Fabio"]
[Black "Agrest, Inna"]
[Result "0-1"]
[WhiteElo "2428"]
[BlackElo "2069"]
[PlyCount "130"]
[EventDate "2007.06.15"]
[EventType "swiss"]
[EventRounds "10"]
[EventCountry "ITA"]
[Source "lmi"]
[SourceDate "2007.06.15"]

1. d4 Nf6 2. Nf3 g6 3. Bg5 Bg7 4. Nbd2 d5 5. e3 O-O 6. Be2 Nbd7 7. O-O Re8 8.
c4 c6 9. cxd5 cxd5 10. Qc2 Nf8 11. Rfc1 Ne6 12. Bh4 h5 13. Bd3 Bd7 14. Qb3 Bc6
15. Rc3 Ne4 16. Rc2 Qd7 17. Qa3 f6 18. Bg3 g5 19. Nxe4 dxe4 20. Bc4 Bd5 21.
Bxd5 Qxd5 22. Nd2 f5 23. Bc7 Rac8 24. Rac1 Bxd4 25. exd4 Nxd4 26. Rc5 Rxc7 27.
Rxc7 Ne2+ 28. Kf1 Nxc1 29. Rxc1 Qxd2 30. Qb3+ e6 31. Rd1 Qf4 32. Qb5 Re7 33. g3
Qc7 34. Qe2 g4 35. Qe3 Rg7 36. Qh6 Qe7 37. Rc1 Qd7 38. Kg1 Rh7 39. Qf4 Rg7 40.
Qb8+ Kh7 41. Qxa7 Qd2 42. Qc5 Qxb2 43. Qc8 Qd2 44. Rf1 Qd7 45. Qc1 Qc7 46. Qe3
Qc4 47. Rd1 Qxa2 48. Rd8 Qa5 49. Qd4 Qc7 50. Rd6 Qe7 51. Qb6 Rg6 52. Kg2 Rf6
53. h4 gxh3+ 54. Kxh3 h4 55. Rd1 hxg3 56. fxg3 Qf7 57. Kg2 e5 58. Qd8 Qf8 59.
Qc7+ Kg6 60. Qxe5 Qc8 61. Qf4 Qc2+ 62. Rd2 Qc6 63. Kg1 e3 64. Re2 Re6 65. Qb8
Re8 0-1

[Event "3. Campeonato de la Unión Europea"]
[Site "Arvier ITA"]
[Date "2007.06.17"]
[Round "3.19"]
[White "Zimina, Olga"]
[Black "Norinkeviciute, Rasa"]
[Result "0-1"]
[WhiteElo "2377"]
[BlackElo "2048"]
[PlyCount "90"]
[EventDate "2007.06.15"]
[EventType "swiss"]
[EventRounds "10"]
[EventCountry "ITA"]
[Source "lmi"]
[SourceDate "2007.06.15"]

1. e4 g6 2. d4 Bg7 3. Nf3 d6 4. c3 Nd7 5. Bd3 e6 6. O-O Ne7 7. a4 a6 8. Na3 O-O
9. Nc4 h6 10. e5 dxe5 11. dxe5 Nf5 12. a5 Qe7 13. Qe2 Rd8 14. b4 Nf8 15. Ba3
Qe8 16. Be4 Rb8 17. g4 Ne7 18. Nd4 Nd5 19. Bb2 Bd7 20. f4 Bb5 21. Bd3 Rd7 22.
Nxb5 axb5 23. Na3 c6 24. Nc2 Rbd8 25. Nd4 Rc7 26. Qe4 f5 27. Qe2 Ra8 28. h3 Qe7
29. Qf2 Qe8 30. Kh1 fxg4 31. hxg4 Rf7 32. Qg3 Qe7 33. Rae1 Qc7 34. f5 exf5 35.
gxf5 g5 36. Qh2 Re8 37. f6 Nf4 38. fxg7 Nxd3 39. gxf8=Q+ Rexf8 40. Rxf7 Qxf7
41. Rg1 Nf2+ 42. Kg2 Qd5+ 43. Kg3 Qxe5+ 44. Kg2 Qe4+ 45. Kg3 Qg4# 0-1

[Event "3. Campeonato de la Unión Europea"]
[Site "Arvier ITA"]
[Date "2007.06.17"]
[Round "3.20"]
[White "Turturici, Pellegrino"]
[Black "Foisor, Sabina Francesca"]
[Result "0-1"]
[WhiteElo "2010"]
[BlackElo "2333"]
[PlyCount "68"]
[EventDate "2007.06.15"]
[EventType "swiss"]
[EventRounds "10"]
[EventCountry "ITA"]
[Source "lmi"]
[SourceDate "2007.06.15"]

1. Nf3 g6 2. g3 Bg7 3. Bg2 c5 4. c4 Nc6 5. Nc3 e6 6. Ne4 d6 7. d3 f5 8. Bg5 Qd7
9. Nc3 h6 10. Bd2 Nge7 11. e3 O-O 12. O-O Kh7 13. a3 b6 14. Rb1 Bb7 15. b4 g5
16. h3 Ng6 17. Qc2 Rac8 18. Kh2 Kh8 19. Qa4 Qf7 20. Nb5 Rcd8 21. Ne1 f4 22.
exf4 gxf4 23. Bxc6 fxg3+ 24. Kh1 Bxc6+ 25. f3 Qf5 26. Kg2 Be5 27. Qc2 Nh4+ 28.
Kg1 Bxb5 29. Bc3 Bc6 30. Qd2 Kh7 31. Bxe5 Qxe5 32. bxc5 dxc5 33. Qc2 Qd4+ 34.
Kh1 Nxf3 0-1

[Event "3. Campeonato de la Unión Europea"]
[Site "Arvier ITA"]
[Date "2007.06.17"]
[Round "3.21"]
[White "Chierici, Marianna"]
[Black "Tocchioni, Doriano"]
[Result "0-1"]
[WhiteElo "1996"]
[BlackElo "2247"]
[PlyCount "68"]
[EventDate "2007.06.15"]
[EventType "swiss"]
[EventRounds "10"]
[EventCountry "ITA"]
[Source "lmi"]
[SourceDate "2007.06.15"]

1. e4 c6 2. d4 d5 3. exd5 cxd5 4. c4 Nf6 5. Nc3 Nc6 6. Bg5 Be6 7. Nf3 Qa5 8. a3
Ne4 9. Bd2 Nxd2 10. Qxd2 O-O-O 11. c5 g6 12. Bb5 Bg7 13. O-O Bg4 14. Bxc6 bxc6
15. b4 Qc7 16. Ne1 e5 17. Nc2 Bf5 18. Ne2 Rhe8 19. Ne3 Bd7 20. b5 f5 21. Rab1
f4 22. b6 Qb7 23. Qa5 a6 24. Nc2 Kb8 25. Rb4 Bf5 26. Ne1 g5 27. Ra4 exd4 28.
Nxd4 Bxd4 29. Rxd4 Re4 30. Nc2 Rde8 31. Rfd1 Re2 32. Ne1 Qe7 33. Kf1 Kb7 34.
Ra4 Rxe1+ 0-1

[Event "3. Campeonato de la Unión Europea"]
[Site "Arvier ITA"]
[Date "2007.06.17"]
[Round "3.22"]
[White "Schaefer, Michael"]
[Black "Majer, Chris E"]
[Result "1/2-1/2"]
[WhiteElo "2228"]
[BlackElo "2036"]
[PlyCount "47"]
[EventDate "2007.06.15"]
[EventType "swiss"]
[EventRounds "10"]
[EventCountry "ITA"]
[Source "lmi"]
[SourceDate "2007.06.15"]

1. d4 Nf6 2. c4 c5 3. d5 b5 4. Nf3 g6 5. cxb5 a6 6. e3 axb5 7. Bxb5 Ba6 8. Bxa6
Qa5+ 9. Bd2 Qxa6 10. Bc3 Bg7 11. e4 d6 12. Qe2 O-O 13. Nbd2 Nbd7 14. Qxa6 Rxa6
15. O-O Rfa8 16. a3 Nb6 17. Rae1 Na4 18. Nc4 Nxc3 19. bxc3 Nd7 20. e5 Nxe5 21.
Nfxe5 Bxe5 22. Nxe5 dxe5 23. Rxe5 Rxa3 24. Rxe7 1/2-1/2

[Event "3. Campeonato de la Unión Europea"]
[Site "Arvier ITA"]
[Date "2007.06.17"]
[Round "3.23"]
[White "Rombaldoni, Axel"]
[Black "Marguerettaz, Davy"]
[Result "1-0"]
[WhiteElo "2221"]
[BlackElo "2005"]
[PlyCount "57"]
[EventDate "2007.06.15"]
[EventType "swiss"]
[EventRounds "10"]
[EventCountry "ITA"]
[Source "lmi"]
[SourceDate "2007.06.15"]

1. e4 e6 2. d4 d5 3. Nc3 Bb4 4. e5 c5 5. a3 Bxc3+ 6. bxc3 Qa5 7. Bd2 Qa4 8. Qb1
a6 9. Qb3 Qxb3 10. cxb3 Nc6 11. dxc5 Nxe5 12. c4 d4 13. f4 Nc6 14. Nf3 a5 15.
O-O-O Nf6 16. Bd3 O-O 17. Kb2 Rd8 18. Rhe1 Bd7 19. h3 Be8 20. g4 Nd7 21. b4
axb4 22. axb4 Nf8 23. b5 Ne7 24. Be4 Ra4 25. Kb3 Rda8 26. Bb4 Neg6 27. Bxb7
R8a7 28. c6 Nxf4 29. b6 1-0

[Event "3. Campeonato de la Unión Europea"]
[Site "Arvier ITA"]
[Date "2007.06.17"]
[Round "3.24"]
[White "Antoniacci, Riccardo"]
[Black "Pantaleoni, Claudio"]
[Result "0-1"]
[WhiteElo "1995"]
[BlackElo "2219"]
[PlyCount "34"]
[EventDate "2007.06.15"]
[EventType "swiss"]
[EventRounds "10"]
[EventCountry "ITA"]
[Source "lmi"]
[SourceDate "2007.06.15"]

1. e4 e5 2. Bc4 Nc6 3. Nf3 Nf6 4. d4 exd4 5. O-O Bc5 6. e5 d5 7. exf6 dxc4 8.
Re1+ Be6 9. Ng5 Qd5 10. Nc3 Qf5 11. g4 Qxf6 12. Nce4 Qe7 13. Nxe6 fxe6 14. Bg5
Qf8 15. Qe2 d3 16. Nf6+ Qxf6 17. Qd2 Nd4 0-1

[Event "3. Campeonato de la Unión Europea"]
[Site "Arvier ITA"]
[Date "2007.06.17"]
[Round "3.25"]
[White "De Marco, Walter"]
[Black "Bashkite, Viktoria"]
[Result "0-1"]
[WhiteElo "1992"]
[BlackElo "2202"]
[PlyCount "70"]
[EventDate "2007.06.15"]
[EventType "swiss"]
[EventRounds "10"]
[EventCountry "ITA"]
[Source "lmi"]
[SourceDate "2007.06.15"]

1. Nf3 d5 2. b3 c5 3. e3 Nc6 4. Bb2 Nf6 5. Be2 Qc7 6. d4 cxd4 7. exd4 Bf5 8. c3
e6 9. Na3 a6 10. Nc2 Bd6 11. Ne3 Be4 12. Bd3 h6 13. Bxe4 Nxe4 14. Nd2 Nf6 15.
Nf3 O-O 16. O-O Ne4 17. h3 b5 18. Nd2 f5 19. Nxe4 dxe4 20. c4 Nb4 21. c5 Bh2+
22. Kh1 Nd3 23. Qe2 Bf4 24. Rab1 Rad8 25. Ba1 Bg5 26. Nc2 b4 27. Ne1 Nf4 28.
Qc4 a5 29. Bb2 Nd5 30. Nc2 Rf6 31. a3 Bd2 32. axb4 axb4 33. Ra1 Rg6 34. Qe2
Rxg2 35. Qxd2 Qh2# 0-1

[Event "3. Campeonato de la Unión Europea"]
[Site "Arvier ITA"]
[Date "2007.06.17"]
[Round "3.26"]
[White "Maahs, Erich"]
[Black "Campbell, Ian"]
[Result "1-0"]
[WhiteElo "2193"]
[BlackElo "1996"]
[PlyCount "109"]
[EventDate "2007.06.15"]
[EventType "swiss"]
[EventRounds "10"]
[EventCountry "ITA"]
[Source "lmi"]
[SourceDate "2007.06.15"]

1. e4 Nf6 2. e5 Nd5 3. c4 Nb6 4. d4 d6 5. exd6 cxd6 6. Nc3 g6 7. Be3 Bg7 8. Qd2
O-O 9. Bh6 Nc6 10. Bxg7 Kxg7 11. h4 h5 12. Bd3 e5 13. d5 Ne7 14. Nf3 Bf5 15. b3
a5 16. O-O Nd7 17. Ne4 Bxe4 18. Bxe4 Nc5 19. Bc2 Qd7 20. a3 Qg4 21. Rfe1 Nf5
22. Bxf5 Qxf5 23. Qc3 Kg8 24. Rad1 e4 25. Ng5 Rfe8 26. Qg3 Re5 27. Re3 f6 28.
Ne6 Qg4 29. Qxg4 hxg4 30. Nxc5 dxc5 31. Kh2 f5 32. Kg3 Kf7 33. f3 gxf3 34. gxf3
Kf6 35. fxe4 Rxe4 36. Rxe4 fxe4 37. Kf4 Rh8 38. Rh1 Re8 39. Ke3 a4 40. bxa4 Ra8
41. Kxe4 Rxa4 42. Rf1+ Ke7 43. Ke5 Rxc4 44. Rb1 Rxh4 45. Rxb7+ Kd8 46. Kd6 Kc8
47. Rg7 Ra4 48. Rg8+ Kb7 49. Kd7 Rxa3 50. Rxg6 Rd3 51. d6 c4 52. Rg4 c3 53.
Rb4+ Ka6 54. Kc6 Ka5 55. Rc4 1-0